| 000 | 01938cab a22003375a 4500 | ||
|---|---|---|---|
| 001 | L140004 | ||
| 008 | 070829s2007 xxk f 000 0 eng d | ||
| 035 | _a(Sirsi) u140004 | ||
| 041 | 0 | _aeng | |
| 100 | 1 | _aSalmon, Kenneth T. | |
| 245 | 0 | 4 |
_aThe enforcement of adjudicators' awards under the Housing Grants, Construction and Regeneration Act 1996 _bpart 24 |
| 260 | _c2007 | ||
| 490 | 0 |
_aArbitration _v73(3) August 2007, 324-334(11) |
|
| 520 | _aReviews recent case law arising from the enforcement of adjudicator's awards under the provisions of the Housing Grants, Construction and Regeneration Act 1996. The cases are categorised under the following subjects: construction contract; decision - effect of unwinding a decision; decision - extent to which previous decision binding; decision ? time for; jurisdiction; service of documents; and set off/stay. | ||
| 590 | _aKA | ||
| 650 | 2 | 4 | _aMELVILLE DUNDAS LTD V HOTEL CORPORATION OF EDINBURGH LTD |
| 650 | 2 | 4 | _aHG CONSTRUCTION LTD V ASHWELL HOMES (EAST ANGLIA) LTD |
| 650 | 2 | 4 | _aEPPING ELECTRICAL CO LTD V BRIGGS AND FORRESTER (PLUMBING SERVICES) LTD |
| 650 | 2 | 4 | _aAVEAT HEATING LTD V JERRAM FALKUS CONSTRUCTION LTD |
| 650 | 2 | 4 | _aBENNETT (ELECTRICAL) SERVICES LTD V INVIRON LTD |
| 650 | 2 | 4 | _aCASTLE INNS (STIRLING) LTD V CLARK CONTRACTS LTD |
| 650 | 2 | 4 | _aCUBBITT BUILDING AND INTERIORS LTD V FLEETGLADE LTD |
| 650 | 2 | 4 | _aMULTIPLEX CONSTRUCTIONS (UK) LTD V MOTT MACDONALD LTD |
| 650 | 2 | 4 | _aLEAD TECHNICAL SERVICES LTD V CMS MEDICAL LTD |
| 650 | 2 | 4 | _aNAGEH V GIDDINGS |
| 650 | 2 | 4 | _aMANAGEMENT SOLUTIONS & PROFESSIONAL CONSULTANTS LTD V BENNETT (ELECTRICAL) SERVICES LTD |
| 650 | 2 | 4 | _aHOUSING GRANTS, CONSTRUCTION AND REGENERATION ACT 1996 |
| 651 | 4 |
_aEngland and Wales _y1543- |
|
| 690 | _aMANAGEMENT-DISPUTE AVOIDANCE, MANAGEMENT AND RESOLUTION-DISPUTE MANAGEMENT AND RESOLUTION-ALTERNATIVE DISPUTE RESOLUTION-ADJUDICATION-ADJUDICATION AWARDS | ||
| 942 | _n0 | ||
| 999 |
_c79155 _d79155 |
||